Statistics for London Underground Zone 1 Stations - Clickable 'Map' Quiz

Click here to take the quiz!

General Stats

  • This quiz has been taken 2,759 times
  • The average score is 32 of 61

Answers on the Map

Answers color-coded by a green-red scale on the quiz's map according to % correct below.
 

Answer Stats

Answer% Correct
Paddington
73%
King's Cross
St Pancras
70%
Victoria
68%
Waterloo
66%
Euston
65%
Oxford Circus
64%
Baker Street
63%
Edgware Road
63%
Bank
61%
Elephant & Castle
61%
Green Park
59%
Pimlico
59%
Earl's Court
58%
Notting Hill Gate
58%
Bond Street
57%
Euston Square
57%
Piccadilly Circus
57%
Tottenham Court Road
57%
Westminster
57%
Holborn
56%
Vauxhall
56%
Aldgate
55%
Embankment
55%
Leicester Square
55%
London Bridge
55%
Marylebone
55%
Aldgate East
53%
Marble Arch
53%
South Kensington
53%
Charing Cross
52%
Covent Garden
52%
Southwark
52%
Angel
51%
Borough
51%
Liverpool Street
51%
Great Portland Street
50%
High Street Kensington
50%
Hyde Park Corner
50%
Knightsbridge
50%
Goodge Street
49%
Lambeth North
49%
Bayswater
48%
Russell Square
48%
St. Paul's
48%
Tower Hill
48%
Warren Street
48%
Sloane Square
47%
Gloucester Road
46%
Regent's Park
46%
St James's Park
46%
Chancery Lane
45%
Lancaster Gate
45%
Moorgate
45%
Barbican
44%
Old Street
43%
Queensway
43%
Temple
41%
Farringdon
40%
Blackfriars
39%
Cannon Street
39%
Mansion House
34%

Score Distribution

Percentile by Number Answered

Percent of People with Each Score

Your Score History

You have not taken this quiz